Wszystkie utwory JUICE WRLD - Statystyki

Ogólne statystyki
  • Ten quiz został rozwiązany 45 razy
  • Średni wynik to 39 z 184
Statystyki odpowiedzi
Odpowiedź % Poprawnych
Lucid Dreams
88%
All Girls Are the Same
82%
Robbery
79%
Legends
74%
Wishing Well
74%
Lean wit Me
71%
Fine China
62%
Candles
59%
Let Me Know (I Wonder Why Freestyle)
59%
Wasted
59%
Conversations
56%
Empty
56%
Hurt Me
56%
Armed and Dangerous
53%
Bandit (Bonus track)
53%
Fast
53%
Go
53%
End Of The Road
50%
Used To
50%
Come & Go
47%
Rich and Blind
47%
I'll Be Fine
44%
Man of the Year
44%
Burn
41%
I'm Still
41%
Lace It
41%
Long Gone
41%
Maze
41%
Moonlight
41%
Titanic
41%
Already Dead
38%
Fighting Demons
38%
Flaws and Sins
38%
Hate Me
38%
Intro
38%
Righteous
38%
Syphilis
38%
Black & White
35%
Rider
35%
Scared Of Love
35%
Up Up and Away
35%
Blood On My Jeans
32%
Doom
32%
Feeling
32%
Godzilla
32%
Bad Boy
29%
Bye Bye
29%
Hear Me Calling
29%
Stay High
29%
Who Shot Cupid
29%
Betrayal (Skit)
26%
Big
26%
Graduation
26%
Bad Energy
24%
From My Window
24%
Go Hard
24%
Karma (Skit)
24%
Make Believe
24%
Rockstar In His Prime
24%
Roses
24%
Screw Juice
24%
10 Feet
21%
Hate the Other Side
21%
In My Head
21%
Not Enough
21%
Relocate
21%
The Light
21%
Wandered To LA
21%
WRLD on Dr*gs
21%
Anxiety
18%
Anxiety (Intro)
18%
Astronauts
18%
Can't Die
18%
Doomsday
18%
Girl Of My Dreams
18%
HeMotions
18%
I Want it
18%
Jet Lag
18%
Ransom (remix)
18%
Real Sh*t
18%
Rental
18%
Tell Me U Luv Me
18%
The Bees Knees
18%
Won't Let Go
18%
Adore You (Dark Knight)
15%
Demonz (Interlude)
15%
Desire
15%
Face 2 Face
15%
Feel Alone
15%
Feline
15%
ON GOD
15%
Realer n Realer
15%
Red Bentley
15%
Ring Ring
15%
She's the One
15%
Shorty
15%
Until The Plug Comes Back Around
15%
You Wouldn't Understand
15%
7 AM Freestyle
12%
Ain't Livin Right
12%
DARK PLACE (demo)
12%
DENIAL < /3 (demo)
12%
Forever
12%
Forever (Forever Love)
12%
Hard Work Pays Off
12%
Juice WRLD Speaks
12%
Juice WRLD Speaks from Heaven (Outro)
12%
Life's a Mess
12%
Make It Back
12%
My Life In A Nutshell
12%
No Issue
12%
Out My Way
12%
ROCKSTAR GIRL
12%
Run
12%
Starstruck
12%
The Man, The Myth, The Legend (Interlude)
12%
Coraline
9%
Different
9%
eye contact (look me in my eyes)
9%
hollywood dreams (come true) 9 9 9
9%
Juice WRLD Speaks 2
9%
Life's A Mess II
9%
Misfits
9%
No Me Ame
9%
Reminds Me Of You
9%
Too Smooth
9%
Abyss (The Party Never Ends)
6%
Confide
6%
don't care
6%
Dream$
6%
FALL BACK
6%
Get Through it (Interlude)
6%
Golden X Get Away (interlude)
6%
PARANOID
6%
playing games (I'm not playing fair)
6%
Pretty Boy
6%
rainbow
6%
RUNNAWAY FREESTYLE
6%
Suicidal (Remix)
6%
two cups (everything's going my way)
6%
until it's over (closure)
6%
WOAH
6%
YOUDONTLOVEME
6%
100 Band Jugg
3%
5AM Outro (I'm Cool)
3%
Abyss Interlude (Ups and Downs)
3%
All Life Long (Good Time)
3%
All Night
3%
All Out
3%
Animal
3%
Another Place (In the Summer)
3%
B**ch You're Done (Demo)
3%
Bel Air
3%
Come To Me (Work Out)
3%
Cruising
3%
Cupid's Carcass
3%
Extra
3%
Ignorant (Ki**ing My Vibe)
3%
I Hate Her Friends
3%
In My Arms (Bad News)
3%
Inner Peace
3%
I Swear
3%
Just Letting You Know
3%
LETS GO
3%
London Interlude
3%
Long Gone, Pt. 2
3%
lost her
3%
Lost My Mind
3%
Lurkin'(Lotti Lotti)
3%
Make It There
3%
Meant Forever (Keep It)
3%
Midnight
3%
Mmmmm (Freestyle)
3%
My Zone
3%
Not That Easy (Codependent)
3%
On Time
3%
On Your Mind (Dark Thoughts)
3%
pop-punkstar
3%
Set Me Free
3%
Underworld (Underwrld)
3%
whimpers in the darkness
3%
Zoom
3%
Nie znaleziono quizów pasujących do podanych kryteriów
Rozkład punktacji
Procent ludzi z każdym wynikiem
Percentyl według liczby udzielonych odpowiedzi
Twoja historia wyników
Nie rozwiązałeś tego quizu